| 000 | 00550nam a2200205Ia 4500 | ||
|---|---|---|---|
| 008 | 220216s9999 xx 000 0 und d | ||
| 100 | _aCipriani G | ||
| 245 | 0 | _aScreening RAPD primers for molecular taxonomy and cultivar fingerprinting in the genus Atinidia | |
| 260 |
_bEuphytica _c1996 |
||
| 300 | _a169-174 | ||
| 650 | _aActinidia breeding | ||
| 650 | _aDNA fingerprinting | ||
| 650 | _aKiwifruit | ||
| 650 | _aMolecular systematics | ||
| 650 | _aPCR | ||
| 650 | _aRAPD | ||
| 700 | _aBella R D | ||
| 700 | _aTestolin R | ||
| 942 | _cJS | ||
| 999 |
_c68476 _d68476 |
||